000
00275nam a22001217a 4500
082
_a
200
_b
PAR/J
100
_a
PAROKARAN, FR.JOHN
245
_a
MY JOURNEY WITH JESUS
260
_a
CHALAKUDY
_b
DIVINE PRINTERS
_c
2008
300
_a
270
650
_a
RELIGIOUS
_z
KERALA
942
_c
BK
999
_c
5192
_d
5192